000 00693nam a2200241 i 4500
001 C2-0302653
003 PPAK
005 20180728083652.0
008 100204s2003 nyua|||| ||||| | eng d
020 _a0516228552
040 _aPPAK
_beng
_cPPAK
_erda
082 0 4 _a813.52
_223
090 0 0 _a813.52
_bMAR
_dLCK
100 1 _aMara, Wil,
_eauthor
245 1 0 _aLaura Ingalls Wilder
264 1 _aNew York :
_bChildren's Press ,
_c2003
300 _a31 pages :
_bcolour illustrations ;
_c18 cm
336 _2rdacontent
_atext
337 _2rdamedia
_aunmediated
338 _2rdacarrier
_avolume
650 1 0 _aFrontier and pioner life-United states-juvenile literature
942 _ddc
_cB
999 _c106210
_d106210